Science Quiz

Random Science or Animal Quiz

5 by 5 Animals Quiz Stats

Quiz Updated Oct 6, 2016

Also try: Find Five: Animals
Challenge
Share
Tweet
Score 0/25 Timer 05:00
0 Plays Today
Hint Answer % Correct
Red Kangaroo
98.1%
Great White Shark
98%
Emperor Penguin
97.8%
Giraffe
97.7%
Bumblebee
97.6%
Rattlesnake
97.5%
BirdFlamingo
97.2%
InsectLadybug
96.9%
Nile Crocodile
96.6%
Sea Turtle
96.2%
Raccoon
96%
Ant
95.6%
Ostrich
95.3%
Hint Answer % Correct
MammalThree-Toed Sloth
94.8%
Chimpanzee
92.9%
Dragonfly
92.6%
Hummingbird
92.6%
Pufferfish
92.2%
FishClownfish
91%
ReptileChameleon
83.6%
Firefly
79.5%
Cardinal
76.6%
Komodo Dragon
75.7%
Anglerfish
48.2%
Piranha
47.4%

You're not logged in!

Compare scores with friends on all Sporcle quizzes.
Sign Up with Email
OR
Log In

You Might Also Like...

Show Comments

Extras

Top Quizzes Today


Score Distribution

Your Account Isn't Verified!

In order to create a playlist on Sporcle, you need to verify the email address you used during registration. Go to your Sporcle Settings to finish the process.